Welcome to the Holygrace Academy Library

Please use search bar below to get started

TESSY (Record no. 1620)

MARC details
000 -LEADER
fixed length control field 00226nam a22001217a 4500
082 ## - DEWEY DECIMAL CLASSIFICATION NUMBER
Classification number 894.812.3
Item number JOS/T
100 ## - MAIN ENTRY--AUTHOR NAME
Personal name JOSEPH, P P
245 ## - TITLE STATEMENT
Title TESSY
250 ## - EDITION STATEMENT
Edition statement FIRST
300 ## - PHYSICAL DESCRIPTION
Number of Pages 63
650 ## - SUBJECT ADDED ENTRY--TOPICAL TERM
Topical Term STORY
Geographic subdivision KERALA
942 ## - ADDED ENTRY ELEMENTS (KOHA)
Koha item type Books
Holdings
Withdrawn status Lost status Collection code Home library Current library Shelving location Date acquired Source of acquisition Full call number Accession Number Koha item type
    Fiction Main Library Main Library SHELF-6C MALAYALAM SHORT STORIES 22/07/2019 PURCHASE 894.812.3 JOS/T 11447 Books